<?xml version="1.0" encoding="UTF-8"?>
<collection xmlns="http://www.loc.gov/MARC21/slim">
 <record>
  <leader>05817nam a2200361 a 4500</leader>
  <controlfield tag="001">kal1890</controlfield>
  <controlfield tag="003">Gr-AtHEAL</controlfield>
  <controlfield tag="005">20160425122753.0</controlfield>
  <controlfield tag="006">m        d        </controlfield>
  <controlfield tag="008">160413s2015    gr      s           gre|c</controlfield>
  <datafield tag="020" ind1=" " ind2=" ">
   <subfield code="a">9789606030543</subfield>
  </datafield>
  <datafield tag="040" ind1=" " ind2=" ">
   <subfield code="a">GR-AtHEAL</subfield>
   <subfield code="b">gre</subfield>
   <subfield code="c">GR-AtHEAL</subfield>
  </datafield>
  <datafield tag="082" ind1="0" ind2="4">
   <subfield code="a">382.104</subfield>
   <subfield code="2">23</subfield>
  </datafield>
  <datafield tag="100" ind1="1" ind2=" ">
   <subfield code="a">Τσούνης, Νικόλαος.</subfield>
   <subfield code="8">1341</subfield>
  </datafield>
  <datafield tag="245" ind1="1" ind2="0">
   <subfield code="a">Θεωρία διεθνούς εμπορίου</subfield>
   <subfield code="h">[Ηλεκτρονικός πόρος] </subfield>
   <subfield code="c">Τσούνης, Νικόλαος ; Κριτικός αναγνώστης,Κυρίκος, Δημήτριος ; Τεχνική επιμέλεια,Τσαρπαλής, Κωνσταντίνος ; Γλωσσική επιμέλεια,Κιοσέογλου, Νερίνα.</subfield>
  </datafield>
  <datafield tag="260" ind1=" " ind2=" ">
   <subfield code="a">Αθήνα :</subfield>
   <subfield code="b">Σύνδεσμος Ελληνικών Ακαδημαϊκών Βιβλιοθηκών,</subfield>
   <subfield code="c">c2015.</subfield>
  </datafield>
  <datafield tag="490" ind1=" " ind2=" ">
   <subfield code="a">Ακαδημαϊκά Ηλεκτρονικά Συγγράμματα και Βοηθήματα Κάλλιπος</subfield>
   <subfield code="8">40</subfield>
  </datafield>
  <datafield tag="520" ind1=" " ind2=" ">
   <subfield code="a">Ο κλάδος των Διεθνών Οικονομικών που εξετάζει τις οικονομικές σχέσεις διαφόρων οικονομιών χωρίζεται στις Διεθνείς Νομισματικές Σχέσεις, που εξετάζουν τις σχέσεις οικονομιών σχετικά με το ισοζύγιο πληρωμών και στη Θεωρία του Διεθνούς Εμπορίου που αφορά την μακροχρόνια ισορροπία στις οικονομικές σχέσεις που αναπτύσσονται μεταξύ διαφορετικών οικονομιών. Συγκεκριμένα εξετάζει γιατί η εξειδίκευση αποτελεί βάση για την έναρξη εμπορίου, αν αυτή αυξάνει το επίπεδο ευημερίας των οικονομικών μονάδων και ποια είναι η βάση στην οποία στηρίζεται η δημιουργία εμπορευματικών ροών μεταξύ των κρατών. Τα θέματα που εξετάζονται από τις Διεθνείς Νομισματικές Σχέσεις είναι βραχυχρόνιου χαρακτήρα ενώ της Θεωρίας Διεθνούς Εμπορίου μακροχρόνιου χαρακτήρα. Η θεωρία Διεθνούς Εμπορίου διακρίνεται:- στα Θετικά Οικονομικά (positive economics) και - στα Οικονομικά της Ευημερίας (welfare economics).Οι βασικές ερωτήσεις που προσπαθούν να βρουν απάντηση στα πλαίσια του κλάδου των θετικών οικονομικών είναι: - τι αγαθά εμπορεύονται μεταξύ τους οι χώρες- με ποιόν γίνεται το εμπόριο- σε τι ποσότητα τα αγαθά θα ανταλλαχθούν.Τα βασικά θέματα που εξετάζονται στα πλαίσια του κλάδου των οικονομικών ευημερίας είναι:• Η επίδραση που έχουν σε μια χώρα τα εμπόδια που εισάγονται στην εξαγωγική διακίνηση αγαθών μεταξύ των χωρών (π.χ. δασμολογικά και μη δασμολογικά μέτρα προστασίας).• Η θεωρία οικονομικής ολοκλήρωσης που εξετάζει τι συμβαίνει μεταξύ χωρών που δημιουργούν προτιμησιακές εμπορικές σχέσεις.Το βιβλίο απευθύνεται σε φοιτητές οικονομικών τμημάτων που έχουν την πρώτη επαφή τους με τη θεωρία του Διεθνούς Εμπορίου. Οι θεωρίες που παρουσιάζονται για την εξήγηση των εμπορευματικών ροών μεταξύ των χωρών στηρίζονται στην κλασική και νεοκλασική σχολή οικονομικής σκέψης και παρουσιάζονται με την ιστορική τους σειρά. Εξετάζονται επίσης οι θεωρίες Διεθνούς Εμπορίου που εξηγούν τις εμπορευματικές ροές με βάση την τεχνολογική αλλαγή.</subfield>
  </datafield>
  <datafield tag="650" ind1=" " ind2="0">
   <subfield code="a">International trade</subfield>
   <subfield code="8">2417</subfield>
  </datafield>
  <datafield tag="650" ind1=" " ind2="0">
   <subfield code="a">International finance </subfield>
   <subfield code="8">2385</subfield>
  </datafield>
  <datafield tag="653" ind1=" " ind2=" ">
   <subfield code="a">Μη δασμολογικά μέτρα προστασίας</subfield>
  </datafield>
  <datafield tag="653" ind1=" " ind2=" ">
   <subfield code="a">Θεωρία δασμών</subfield>
  </datafield>
  <datafield tag="653" ind1=" " ind2=" ">
   <subfield code="a">Οικονομική ολοκλήρωση</subfield>
  </datafield>
  <datafield tag="653" ind1=" " ind2=" ">
   <subfield code="a">Διεθνές εμπόριο</subfield>
  </datafield>
  <datafield tag="653" ind1=" " ind2=" ">
   <subfield code="a">Καθαρή θεωρία εμπορίου</subfield>
  </datafield>
  <datafield tag="653" ind1=" " ind2=" ">
   <subfield code="a">Οικονομικές επιστήμες</subfield>
   <subfield code="a">Οικονομική ανάπτυξη, τεχνολογική αλλαγή και ανάπτυξη</subfield>
   <subfield code="a">Τεχνολογική αλλαγή, έρευνα και ανάπτυξη, δικαιώματα πνευματικής ιδιοκτησίας</subfield>
  </datafield>
  <datafield tag="653" ind1=" " ind2=" ">
   <subfield code="a">Οικονομικές επιστήμες</subfield>
   <subfield code="a">Διεθνής οικονομική</subfield>
   <subfield code="a">Εμπόριο</subfield>
  </datafield>
  <datafield tag="700" ind1="1" ind2=" ">
   <subfield code="a">Κυρίκος, Δημήτριος</subfield>
   <subfield code="e">Κριτικός αναγνώστης</subfield>
   <subfield code="8">1342</subfield>
  </datafield>
  <datafield tag="856" ind1="4" ind2="0">
   <subfield code="u">http://hdl.handle.net/11419/1890</subfield>
   <subfield code="z">Πλήρες Κείμενο - Full text</subfield>
  </datafield>
  <datafield tag="907" ind1=" " ind2=" ">
   <subfield code="a">.b25680900</subfield>
   <subfield code="b">12-06-18</subfield>
   <subfield code="c">29-07-16</subfield>
  </datafield>
  <datafield tag="949" ind1=" " ind2=" ">
   <subfield code="0">0</subfield>
   <subfield code="1">0</subfield>
   <subfield code="2">ddc</subfield>
   <subfield code="4">0</subfield>
   <subfield code="6">382_104000000000000_ΤΣΟ</subfield>
   <subfield code="7">0</subfield>
   <subfield code="8">KALL</subfield>
   <subfield code="8">849</subfield>
   <subfield code="d">2016-04-13</subfield>
   <subfield code="r">2016-04-13</subfield>
   <subfield code="w">2016-04-13</subfield>
   <subfield code="z">382.104 ΤΣΟ</subfield>
   <subfield code="o">SEAB KALLIPOS</subfield>
  </datafield>
  <datafield tag="998" ind1=" " ind2=" ">
   <subfield code="a">80</subfield>
   <subfield code="a">01</subfield>
   <subfield code="a">02</subfield>
   <subfield code="a">03</subfield>
   <subfield code="a">04</subfield>
   <subfield code="a">05</subfield>
   <subfield code="a">06</subfield>
   <subfield code="a">07</subfield>
   <subfield code="a">08</subfield>
   <subfield code="a">09</subfield>
   <subfield code="a">10</subfield>
   <subfield code="a">11</subfield>
   <subfield code="a">12</subfield>
   <subfield code="a">13</subfield>
   <subfield code="a">14</subfield>
   <subfield code="a">15</subfield>
   <subfield code="a">16</subfield>
   <subfield code="a">17</subfield>
   <subfield code="a">18</subfield>
   <subfield code="a">19</subfield>
   <subfield code="a">20</subfield>
   <subfield code="a">21</subfield>
   <subfield code="a">22</subfield>
   <subfield code="a">23</subfield>
   <subfield code="a">24</subfield>
   <subfield code="a">25</subfield>
   <subfield code="a">26</subfield>
   <subfield code="b">22-05-17</subfield>
   <subfield code="c">m</subfield>
   <subfield code="d">z  </subfield>
   <subfield code="e">-</subfield>
   <subfield code="f">gre</subfield>
   <subfield code="g">gr </subfield>
   <subfield code="h">0</subfield>
  </datafield>
  <datafield tag="942" ind1=" " ind2=" ">
   <subfield code="2">ddc</subfield>
   <subfield code="c">KALLIPOS</subfield>
  </datafield>
 </record>
</collection>
